|
|
|
|
| LEADER |
01146nam a2200253 a 4500 |
| 003 |
GR-PaULI |
| 005 |
20240924063403.0 |
| 008 |
030721s2004 gw f b 001 0 eng d |
| 020 |
|
|
|a 3540440984
|
| 020 |
|
|
|a 9783540440987
|
| 040 |
|
|
|a DLC
|b gre
|c DLC
|d DLC
|d GR-AiPI
|e AACR2
|
| 082 |
0 |
4 |
|a 330.028 563
|2 23
|
| 245 |
0 |
0 |
|a Computational intelligence in economics and finance /
|c Shu-Heng Chen, Paul P. Wang (eds.).
|
| 260 |
|
|
|a Berlin ;
|a New York :
|b Springer,
|c c2004.
|
| 300 |
|
|
|a xxii, 480 σ. :
|b σχ. ;
|c 24 εκ.
|
| 504 |
|
|
|a Περιλαμβάνει βιβλιογραφικές παραπομπές και ευρετήριο.
|
| 650 |
|
0 |
|a Οικονομική, Μαθηματική
|9 1566
|
| 650 |
|
0 |
|a Οικονομία
|9 166854
|x Πληροφορική.
|
| 700 |
1 |
|
|a Chen, Shu-Heng,
|d 1959-
|e επιμελητής
|9 22052
|
| 700 |
1 |
|
|a Wang, Paul P.
|9 67244
|e επιμελητής
|
| 942 |
|
|
|2 ddc
|c BK15
|
| 952 |
|
|
|0 0
|1 0
|2 ddc
|4 0
|6 330_028000000000000_563_COM
|7 0
|9 219314
|a LISA
|b LISA
|c BSC
|d 2018-01-25
|i 1747
|l 0
|o 330.028 563 COM
|p 026000279294
|r 2018-01-25 00:00:00
|t 1
|w 2018-01-25
|y BK15
|
| 998 |
|
|
|c ΛΟΥΚΟΠΟΥΛΟΥ
|d 2018-01
|
| 999 |
|
|
|c 132717
|d 132717
|